[Event "EGY-chT"]
[Site "Egypt"]
[Date "2016.05.05"]
[Round "1.3"]
[White "Abdel Razik, Ahmed"]
[Black "Ismail, Reda"]
[Result "1-0"]
[WhiteElo "2074"]
[BlackElo "2142"]
[PlyCount "84"]
[EventDate "2016.05.05"]
[EventType "team-tourn"]
[EventRounds "9"]
[EventCountry "EGY"]
[SourceTitle "CBM 172 Extra"]
[Source "ChessBase"]
[SourceDate "2016.06.21"]
[SourceVersion "1"]
[SourceVersionDate "2016.06.21"]
[SourceQuality "1"]
[WhiteTeam "Elsharkia Zagazig"]
[BlackTeam "Hawamdia"]
[WhiteTeamCountry "EGY"]
[BlackTeamCountry "EGY"]

1. d4 Nf6 2. c4 e6 3. Nf3 d5 4. Nc3 a6 5. e3 Be7 6. Bd3 dxc4 7. Bxc4 b5 8. Bd3 Bb7 9. 0-0 0-0 10. Qe2 c5 11. dxc5 Bxc5 12. Rd1 Nbd7 13. b3 e5 14. Bf5 Qe7 15. e4 Nb6 16. Bg5 Rad8 17. a4 b4 18. Na2 h6 19. Bxf6 Qxf6 20. a5 Na8 21. Rac1 Bd6 22. Nd2 g6 23. Bh3 Nc7 24. Qe3 Nb5 25. Qxh6 Nd4 26. Qe3 Kg7 27. Nf1 Rh8 28. Rd3 Rh4 29. f3 Rdh8 30. Qf2 Rf4 31. Nd2 Bb8 32. Rxd4 Ba7 33. Rcc4 Bxd4 34. Rxd4 exd4 35. Nxb4 Rfh4 36. Nd3 Bc6 37. Nb4 Bb7 38. Nd3 Rd8 39. f4 Rh5 40. Bg4 Rb5 41. f5 gxf5 42. Bxf5 Qh6 1-0

[Event "Alexandria op 18th"]
[Site "Alexandria"]
[Date "2012.08.28"]
[Round "2"]
[White "Abdel Razik, Ahmed"]
[Black "Amin, Ashraf"]
[Result "1/2-1/2"]
[WhiteElo "2080"]
[BlackElo "2309"]
[PlyCount "94"]
[EventDate "2012.08.27"]
[EventType "swiss"]
[EventRounds "9"]
[EventCountry "EGY"]
[SourceTitle "CBM 150 Extra"]
[Source "ChessBase"]
[SourceDate "2012.10.19"]
[SourceVersion "1"]
[SourceVersionDate "2012.10.19"]
[SourceQuality "1"]

1. d4 Nf6 2. Nf3 e6 3. e3 c5 4. Bd3 b6 5. 0-0 Bb7 6. b3 Be7 7. Bb2 0-0 8. Nbd2 d5 9. a3 Nbd7 10. Qe2 a6 11. Ne5 b5 12. c4 bxc4 13. bxc4 cxd4 14. exd4 Nxe5 15. dxe5 Nd7 16. cxd5 Bxd5 17. Bxa6 Bg5 18. Bc4 Bb7 19. Rfd1 Nb6 20. Ne4 Qe7 21. Bd3 Bh6 22. Bd4 Nd7 23. a4 Rfd8 24. a5 Bf4 25. Nd6 Bd5 26. Nc4 Nc5 27. Nb6 Nb3 28. Bxh7+ Kxh7 29. Nxd5 Rxd5 30. Qc2+ Kg8 31. Qxb3 Raxa5 32. Rxa5 Rxa5 33. g3 Bh6 34. Bc3 Ra8 35. Qb5 Qc7 36. Qd3 g6 37. Bd4 Bg7 38. Qe3 Rd8 39. Re1 Rd5 40. Qc3 Qd7 41. Re4 Qb7 42. Re1 Bf8 43. Rc1 Qd7 44. Be3 Qb5 45. Qc8 Rxe5 46. Bh6 Qb4 47. Bxf8 Qxf8 1/2-1/2

[Event "Assiut op 05th"]
[Site "Assiut"]
[Date "2009.08.08"]
[Round "5"]
[White "Salem, Zahed"]
[Black "Abdel Razik, Ahmed"]
[Result "1-0"]
[WhiteElo "2266"]
[BlackElo "2129"]
[PlyCount "79"]
[EventDate "2009.08.04"]
[EventType "swiss"]
[EventRounds "9"]
[EventCountry "EGY"]
[SourceTitle "EXT 2010"]
[Source "ChessBase"]
[SourceDate "2010.11.25"]
[SourceVersion "1"]
[SourceVersionDate "2010.11.25"]
[SourceQuality "1"]

1. e4 c5 2. Nf3 d6 3. d4 cxd4 4. Nxd4 Nf6 5. Nc3 a6 6. Bc4 e6 7. Qe2 Be7 8. Be3 Qc7 9. Bb3 Bd7 10. g4 h6 11. h4 Nc6 12. f3 b5 13. a3 Ne5 14. a4 b4 15. Nd1 d5 16. exd5 Nxd5 17. Bf2 0-0 18. Bxd5 exd5 19. Ne3 Be6 20. 0-0-0 Rfd8 21. f4 Nc4 22. Nxe6 fxe6 23. Nxc4 dxc4 24. Qxe6+ Kh8 25. Be3 b3 26. c3 Bc5 27. Bd2 Bf8 28. g5 Rd6 29. Qe4 Rc8 30. Be3 Qd7 31. Rxd6 Qxd6 32. Rd1 Qc6 33. Qxc6 Rxc6 34. Rd8 Kg8 35. f5 Kf7 36. g6+ Kg8 37. Bd4 h5 38. a5 Rc7 39. Be5 Rc6 40. Kd2 1-0

[Event "Golden Cleopatra op 7th"]
[Site "Cairo"]
[Date "2003.06.10"]
[Round "9"]
[White "Abdel Razik, Ahmed"]
[Black "Sarwat, Walaa"]
[Result "0-1"]
[WhiteElo "2190"]
[BlackElo "2333"]
[PlyCount "90"]
[EventDate "2003.06.03"]
[EventType "swiss"]
[EventRounds "10"]
[EventCountry "EGY"]
[SourceTitle "CBM 094 Extra"]
[Source "ChessBase"]
[SourceDate "2003.07.09"]
[SourceVersion "2"]
[SourceVersionDate "2003.07.09"]
[SourceQuality "1"]

1. d4 d5 2. Nf3 Nf6 3. c4 dxc4 4. e3 e6 5. Bxc4 c5 6. 0-0 a6 7. a3 b5 8. Bd3 Bb7 9. b3 Nbd7 10. Bb2 Bd6 11. Nbd2 0-0 12. Qe2 cxd4 13. exd4 Nd5 14. g3 Rc8 15. Ne4 Be7 16. Ne5 f5 17. Nd2 Nc3 18. Qe1 Nf6 19. Ndf3 Nce4 20. h4 Qd5 21. b4 Nd6 22. Qe2 Ng4 23. Rfc1 Bf6 24. Rc5 Rxc5 25. bxc5 Bxe5 26. dxe5 Nf7 27. Bxf5 exf5 28. e6 Qxf3 29. exf7+ Kxf7 30. Qxf3 Bxf3 31. Rc1 Bc6 32. Rd1 Re8 33. Bc3 Re2 34. Rd6 Bf3 35. Rd7+ Ke6 36. Rd6+ Ke7 37. Rd3 Rxf2 38. Bb4 Rg2+ 39. Kf1 Nh2+ 40. Ke1 Re2+ 41. Kd1 Re3+ 42. Kd2 Nf1+ 43. Kc3 Rxd3+ 44. Kxd3 Nxg3 45. c6+ Ke6 0-1

[Event "Golden Cleopatra op 7th"]
[Site "Cairo"]
[Date "2003.06.07"]
[Round "6"]
[White "El Ghazali, Youssef M"]
[Black "Abdel Razik, Ahmed"]
[Result "1-0"]
[WhiteElo "2340"]
[BlackElo "2190"]
[PlyCount "77"]
[EventDate "2003.06.03"]
[EventType "swiss"]
[EventRounds "10"]
[EventCountry "EGY"]
[SourceTitle "CBM 094 Extra"]
[Source "ChessBase"]
[SourceDate "2003.07.09"]
[SourceVersion "2"]
[SourceVersionDate "2003.07.09"]
[SourceQuality "1"]

1. c4 Nf6 2. Nc3 c5 3. Nf3 Nc6 4. g3 e6 5. d4 cxd4 6. Nxd4 a6 7. Bg2 Qc7 8. 0-0 b6 9. Bf4 e5 10. Bxe5 Qxe5 11. Nxc6 Qc7 12. Nb4 Rb8 13. Nbd5 Qe5 14. Nxf6+ gxf6 15. Nd5 a5 16. b3 h5 17. e3 Bc5 18. Qf3 Rh6 19. Rad1 Bb7 20. h4 Bc6 21. a4 Kf8 22. Qe2 Re8 23. Nf4 Kg7 24. Bxc6 dxc6 25. Rd7 Re7 26. Rxe7 Bxe7 27. Qf3 Qc5 28. Ne2 Rg6 29. Nd4 Bd6 30. Nf5+ Kg8 31. Rd1 Bf8 32. Qxh5 b5 33. axb5 cxb5 34. cxb5 Qb6 35. Rd7 Qe6 36. Rd8 Qe4 37. Rxf8+ Kxf8 38. Qh8+ Rg8 39. Qh6+ 1-0

[Event "Tanta op 5th"]
[Site "Tanta"]
[Date "2002.05.20"]
[Round "7"]
[White "Abdel Razik, Ahmed"]
[Black "Hassan, Sayed Barakat"]
[Result "0-1"]
[WhiteElo "2098"]
[BlackElo "2355"]
[PlyCount "100"]
[EventDate "2002.05.13"]
[EventType "swiss"]
[EventRounds "9"]
[EventCountry "EGY"]
[SourceTitle "CBM 088 Extra"]
[Source "ChessBase"]
[SourceDate "2002.07.01"]
[SourceVersion "2"]
[SourceVersionDate "2002.07.01"]
[SourceQuality "1"]

1. d4 Nf6 2. c4 d6 3. Nc3 Nbd7 4. Nf3 e5 5. e3 g6 6. Be2 Bg7 7. 0-0 0-0 8. a4 a5 9. Qc2 Re8 10. Bd2 exd4 11. exd4 Nf8 12. h3 Ne6 13. Be3 Nh5 14. Qd2 f5 15. d5 Nc5 16. Bxc5 dxc5 17. Rfe1 Bd7 18. Ng5 Bf6 19. Nf3 g5 20. Bd3 Nf4 21. Bc2 h6 22. Rad1 Bxc3 23. bxc3 Qf6 24. h4 Kg7 25. g3 Nh3+ 26. Kg2 g4 27. Ng1 f4 28. Qd3 fxg3 29. Qxg3 Nf4+ 30. Kf1 Rf8 31. Rd2 Rf7 32. Re4 Raf8 33. Ke1 h5 34. Re3 Qxh4 35. Qxh4 Ng2+ 36. Kf1 Nxh4 37. Bd3 Bxa4 38. Re5 Kh6 39. Be4 Bb3 40. d6 cxd6 41. Rxd6+ Rf6 42. Rxf6+ Rxf6 43. Bd3 g3 44. Nh3 g2+ 45. Ke2 Nf3 46. Re7 g1N+ 47. Nxg1 Nxg1+ 48. Ke3 Nh3 49. Rh7+ Kg5 50. Rg7+ Kh4 0-1

[Event "Tanta op 5th"]
[Site "Tanta"]
[Date "2002.05.13"]
[Round "1"]
[White "Abdel Razik, Ahmed"]
[Black "Hakki, Imad"]
[Result "1/2-1/2"]
[WhiteElo "2098"]
[BlackElo "2431"]
[PlyCount "52"]
[EventDate "2002.05.13"]
[EventType "swiss"]
[EventRounds "9"]
[EventCountry "EGY"]
[SourceTitle "CBM 088 Extra"]
[Source "ChessBase"]
[SourceDate "2002.07.01"]
[SourceVersion "2"]
[SourceVersionDate "2002.07.01"]
[SourceQuality "1"]

1. d4 Nf6 2. c4 e6 3. Nc3 Bb4 4. Bg5 h6 5. Bf4 0-0 6. Rc1 b6 7. f3 d5 8. e3 c5 9. a3 Ba5 10. Kf2 Bxc3 11. bxc3 Ba6 12. g4 Bxc4 13. Bxc4 dxc4 14. e4 Nc6 15. Ne2 Re8 16. Be3 Nd7 17. Qa4 cxd4 18. cxd4 Na5 19. h4 a6 20. g5 h5 21. g6 fxg6 22. e5 b5 23. Qc2 Nc6 24. Qxg6 Qe7 25. Qe4 Rac8 26. Rcg1 Rf8 1/2-1/2

[Event "Golden Cleopatra op 6th"]
[Site "Cairo"]
[Date "2002.04.09"]
[Round "3"]
[White "Hassan, Tarek Ahmed"]
[Black "Abdel Razik, Ahmed"]
[Result "1-0"]
[WhiteElo "2283"]
[BlackElo "2098"]
[PlyCount "59"]
[EventDate "2002.04.07"]
[EventType "swiss"]
[EventRounds "11"]
[EventCountry "EGY"]
[SourceTitle "CBM 087 Extra"]
[Source "ChessBase"]
[SourceDate "2002.05.03"]
[SourceVersion "2"]
[SourceVersionDate "2002.08.09"]
[SourceQuality "1"]

1. d4 d5 2. c4 e6 3. Nf3 c6 4. e3 f5 5. Ne5 Nf6 6. f4 Bb4+ 7. Bd2 Qe7 8. Bd3 0-0 9. Bxb4 Qxb4+ 10. Qd2 Qe7 11. 0-0 Na6 12. Nc3 Nc7 13. c5 Qe8 14. b4 Ne4 15. Nxe4 fxe4 16. Be2 Qe7 17. a4 Bd7 18. b5 cxb5 19. Qa5 b6 20. cxb6 axb6 21. Qxb6 Rfc8 22. Rfc1 Be8 23. axb5 Rxa1 24. Rxa1 Qb4 25. Kf2 Bxb5 26. Qb7 Rf8 27. Qxc7 Qd2 28. Re1 g5 29. Ng4 gxf4 30. Nh6+ 1-0